| 000 -Etiqueta do registo | |
|---|---|
| campo de controlo de comprimento fixo | 007760000a22002410004500 |
| 001 - Identificador do registo | |
| Campo de controlo | 49282 |
| 021 ## - Nº depósito legal | |
| Código do país | Portugal |
| Número | 18673/87 |
| 100 ## - Dados Gerais de Proc. | |
| Dados gerais de processamento | 20101105d2010 k y0pory5003 ba |
| 101 0# - Língua da publicação | |
| Língua do texto, banda sonora, etc. | Português |
| 102 ## - País de Publicação | |
| País de publicação | Portugal |
| 200 1# - Título | |
| Título próprio | O fantasma |
| Primeira menção de responsabilidade | Luísa Ducla Soares |
| Outras menções de responsabilidade | il.Paula Amaral |
| 210 ## - Publicação, Distribuição | |
| Lugar da edição, distribuição, etc. | Lisboa |
| Nome do editor, distribuidor, etc. | Livros Horizonte |
| Data da publicação, distribuição, etc. | 1987 |
| 215 ## - Descrição física | |
| Descrição física | 25, [3] p. |
| Outras indicações físicas | il. |
| 225 2# - Colecção | |
| Título próprio da colecção | Pássaro livre |
| Indicação de volume | 59 |
| 606 ## - Nome comum | |
| Koha Internal code | 2095 |
| Elemento de entrada | Literatura infantil |
| Subdivisão de assunto | Conto |
| 675 ## - CDU | |
| Notação | 821.134.3-34 |
| Edição | BN |
| Língua da edição | Português |
| 700 #1 - Responsabilidade principal | |
| Koha Internal Code | 43572 |
| Palavra de ordem | Soares |
| Outra parte do nome | Luísa Ducla |
| Datas | 1939- |
| 702 #1 - Responsabilidade secundária | |
| Koha Internal Code | 7101 |
| Código de função | Ilustrador |
| Palavra de ordem | Amaral |
| Outra parte do nome | Paula |
| 801 ## - Fonte de origem | |
| País | Portugal |
| Data da última transacção | 20101105 |
| 859 ## - Imagem da capa | |
| Uniform Resource Location (URL) | http://bmcl.cm-camaradelobos.pt/capas/o%20fantasma.jpg |
| Nota informativa | Capa |
| 090 ## - Números de controlo do sistema (Koha) | |
| Número biblioitem do Koha (gerado automaticamente) | 49282 |
| 942 ## - Elementos de entrada adicionados (Koha) | |
| Tipo de item no Koha | Monografias |
| Suprimido | Disponível no OPAC |
| 999 ## - Campo local | |
| Campo local | 49282 |
| Perdido (estado) | Data de aquisição | Origem do registo (biblioteca) (codificado) | Código da organização que empresta ou é detentora (biblioteca) | Código de barras | Cota | Tipo de circulação (não pode ser emprestado) | Tipo de item e material |
|---|---|---|---|---|---|---|---|
| Disponível | 2010-11-05 | Biblioteca EB23 D. Paio Peres Correia | Biblioteca EB23 D. Paio Peres Correia | BEBDPPC2830 | 82-34 SOA | Normal | Monografias |